| 000 | 00757nam a22002177a 4500 | ||
|---|---|---|---|
| 005 | 20140224125340.0 | ||
| 008 | 121018s2011 ck a gr 00010 spa d | ||
| 020 | _a9789588490106 | ||
| 041 | 0 | _aspa | |
| 044 | _ack | ||
| 082 | 0 | 4 |
_a633.73 _bA59c |
| 100 | 1 |
_aAlvarado-Alvarado, Gabriel. _99947 |
|
| 245 | 1 | 3 |
_aEl café y la roya : _bestrategias de resistencia incompleta / _cGabriel Alvarado Alvarado |
| 260 |
_aChinchiná _bCenicafé _bFederación Nacional de Cafeteros de Colombia _c2011. |
||
| 300 |
_a96 p. : _bil. ; _c24 cm. |
||
| 504 | _aIncluye referencias bibliográficas. | ||
| 650 | 4 |
_aCafé _x Cultivo _z Colombia. _99948 |
|
| 650 | 4 |
_aCafé _x Enfermedades y plagas. _99949 |
|
| 650 | 4 |
_aRoya del café _z Colombia. _99950 |
|
| 942 |
_2ddc _cImpreso |
||
| 999 |
_c8142 _d8142 |
||